[Event "DMP-III LIGA Senior PK 2020"]
[Site "Bystre"]
[Date "2020.07.09"]
[Round "3.14"]
[White "Mazurkiewicz, Andrzej"]
[Black "Mrozowski, Patryk"]
[Result "0-1"]
[WhiteElo "1608"]
[BlackElo "2065"]
[Annotator "TA"]
[PlyCount "156"]
[EventDate "2020.07.05"]
[EventType "team-tourn"]
[EventCountry "POL"]
[SourceTitle "playchess.com"]
[Source "ChessBase"]
[SourceQuality "1"]

{[%evp 9,156,-1,-7,-52,-52,-33,-48,-50,-47,-53,-16,-10,70,82,94,75,95,53,54,61,56,0,7,0,0,0,0,-60,-41,-51,-6,-53,-4,-71,-64,-120,-110,-77,0,-83,-54,-268,-264,-289,-232,-230,-232,-232,-232,-233,-240,-230,-228,-295,-295,-295,-295,-295,-289,-335,0,-297,-293,-310,-237,-240,-223,-220,-174,-178,-170,-219,-227,-229,-229,-218,-41,-259,-41,-41,-41,-41,-41,-41,-41,-41,-41,-41,-41,-41,-41,-52,0,-55,-43,-12836,-12836,-12838,-12838,-12839,-12839,-12840,-12837,-12839,-12839,-12839,-12834,-12834,-12833,-12841,-12841,-12841,-12842,-12842,-12843,-12842,-12840,-12844,-12844,-12846,-12846,-12847,-12847,-12848,-12847,-12848,-12848,-12850,-29981,-12851,-29983,-12851,-29984,-12851,-29985,-12851,-29985,-12851,-29983,-12851,-29986,-12851,-29987,-12851,-29987,-12851,-29988,-12851,-29989]} 1. d4 Nf6 2. Nf3 c5 3. g3 d5 4. dxc5 Nc6 5. Bg2 e5 6. Bg5 {D02: 1 d4 d5 2 Nf3 sidelines, including 2...Nf6 3 g3 and 2...Nf6 3 Bf4.} Be6 {[#]} 7. Nc3 $146 ({Predecessor:} 7. c3 Bxc5 8. O-O h6 9. Bxf6 Qxf6 10. Nbd2 e4 11. Ne1 h5 12. Nb3 Bb6 13. Nc2 h4 14. Nbd4 Qh6 15. g4 h3 16. Bh1 Bxg4 17. Ne3 Qg6 18. Nb5 Bxe2+ {0-1 (18) Nadasi,E-Puha,P Hungary 2003}) 7... Bxc5 8. Bxf6 {Black is slightly better.} gxf6 9. O-O Qd7 10. e4 d4 {[#]} (10... dxe4 $1 $11 11. Nxe4 Be7) 11. Nd5 $1 $14 {[%cal Rd5f6][%mdl 512]} Bxd5 12. exd5 Ne7 13. c3 dxc3 14. bxc3 Qxd5 15. Qc2 (15. Nd2 $5 {[%cal Rg2d5]} Qe6 16. Ne4 $16 (16. Bxb7 Rb8 $11)) 15... Qe6 16. Rab1 Rb8 17. Qa4+ Kf8 18. Qh4 (18. Rb5 $11 Qc8 19. Nd2) 18... h5 19. Qe4 Qf5 20. Qc4 Bb6 21. Qh4 (21. a4 $11) 21... Kg7 $36 {[%mdl 2048] Black has good play.} 22. Rb5 (22. Qb4 $15 Qe6 23. Nh4) 22... Ng6 23. Qb4 {[#]} Rhc8 {[#]} (23... h4 $1 $17 {[%mdl 512] ...hxg3 is the strong threat.} 24. Nxh4 Nxh4 25. gxh4 Qh5) 24. c4 (24. Nd4 $1 $11 {[%mdl 512] keeps the balance.} Qd7 (24... exd4 25. Rxf5) 25. Rd5) 24... Qc2 25. Bh3 $2 (25. Nd2 $15) 25... Rxc4 $19 26. Qb1 Qxb1 27. Rfxb1 Rc2 28. R5b2 Bxf2+ $1 29. Kg2 Rxb2 30. Rxb2 Bb6 31. Nh4 Nxh4+ 32. gxh4 {[%mdl 4096] Endgame KRB-KRB} Rd8 33. Bf5 Rd4 34. Kh3 Rd8 $2 (34... Rf4 $19 35. Bc8 Bd4 36. Rg2+ Kf8) 35. a4 $2 {[%mdl 8192]} (35. Kg2 $1 $11 {and White is okay.} Rd4 36. Re2) 35... Kf8 36. Rb5 Rd6 37. a5 Bd8 38. Rxb7 Bxa5 39. Rxa7 Be1 40. Rd7 Rc6 41. Bd3 Kg7 42. Bb1 Rc4 $2 {[#]} (42... Rc3+ $19 43. Kg2 Bxh4) 43. Ra7 $2 (43. Rxf7+ $1 $15 {[%mdl 512]} Kxf7 44. Ba2) 43... Bf2 $2 {[#]} (43... e4 $19 44. Ba2 Rc3+ 45. Kg2 Rc2+ 46. Kh1 Bf2 47. Rxf7+ Kg6) 44. Rxf7+ $1 $15 {[%mdl 512]} Kxf7 45. Ba2 Kg6 (45... Ke7 {looks sharper.} 46. Bxc4 f5 47. Be2 Kf6 48. Bxh5 e4) 46. Bxc4 {KB-KB} Kf5 47. Bf7 Kf4 48. Bxh5 e4 49. Bd1 f5 {And now ...Ke3 would win.} 50. h5 Bd4 ({Black should play} 50... Kg5 $15) 51. Kg2 (51. h6 $11) 51... Ke3 {White must now prevent ...Kd2.} 52. Kf1 $2 {[%mdl 8192] Black continues to play with concentration.} (52. Ba4 $15) 52... f4 $19 53. Bc2 f3 54. h6 Kf4 55. h7 Bh8 56. Ba4 e3 57. Bb5 Bc3 58. Ba6 Bd4 59. Bb5 Kg5 60. Ba6 Kh6 61. Bd3 {[#]} Kg7 $1 62. Ke1 Bc3+ 63. Kf1 Kh8 64. h4 Bb4 65. h5 Ba5 66. h6 Bb4 67. Bc4 Kxh7 68. Bd3+ Kxh6 69. Bc4 Kg5 70. Bd3 Bc3 (70... Kf4 $19 71. Bc4 Bc3 72. Bd3 Ke5 73. Bc4 Kd4 74. Ba6 Ba5 75. Bb5 Bb4 76. Ba6 Ba5 77. Bb5 Bb4 78. Ba6 Kc3 79. Bb7 e2+ 80. Ke1 Kd3+ 81. Kf2 e1=Q+ 82. Kxf3 Qh4 83. Ba6+ Kd2 84. Bf1 Bd6 85. Bc4 Qxc4 86. Kf2 Qg4 87. Kf1 Qh3+ 88. Kg1 Bc5#) 71. Bc4 Kf6 72. Bd3 Ke5 73. Ba6 Kd6 (73... Kd4 $19 74. Bb5 Bb4 75. Ba6 Kc3 76. Bb7 e2+ 77. Kf2 Kd2 78. Kxf3 e1=Q 79. Kf4 Bd6+ 80. Kg4 Qe6+ 81. Kh4 Qh6+ 82. Kg4 Qg6+ 83. Kh4 Bf4 84. Bh1 Qg3+ 85. Kh5 Qg5#) 74. Bd3 Kc5 75. Ba6 Kb4 76. Bd3 Ka3 (76... Kb3 $19 77. Be4 e2+ 78. Kf2 e1=Q+ 79. Kxf3 Be5 80. Bd5+ Kc3 81. Kg4 Qd2 82. Bf3 Qf4+ 83. Kh5 Qxf3+ 84. Kg5 Qe4 85. Kh5 Qf5+ 86. Kh4 Qg6 87. Kh3 Qg3#) 77. Bc4 Kb2 78. Bd3 Kc1 {Accuracy: White = 61%, Black = 73%.} 0-1

[Event "DMP-III LIGA Senior PK 2020"]
[Site "Bystre"]
[Date "2020.07.09"]
[Round "3.15"]
[White "Szaro, Mariusz"]
[Black "Chowaniec, Artur"]
[Result "1-0"]
[WhiteElo "1559"]
[BlackElo "1530"]
[Annotator "NA RC"]
[PlyCount "131"]
[EventDate "2020.07.05"]
[EventType "team-tourn"]
[EventCountry "POL"]
[SourceTitle "playchess.com"]
[Source "ChessBase"]
[SourceQuality "1"]
[TimeControl "5400+30"]

1. d4 {[%emt 0:00:00]} d5 {[%emt 0:00:47]} 2. Bf4 {[%emt 0:00:11]} c5 {[%emt 0:00:56]} 3. e3 {[%emt 0:00:29]} Nc6 {[%emt 0:00:38]} 4. c3 {[%emt 0:00:19]} Nf6 {[%emt 0:01:36]} 5. Nd2 {[%emt 0:00:30]} Bf5 {[%emt 0:01:36]} 6. Ngf3 {[%emt 0:05:39]} cxd4 {[%emt 0:02:00]} 7. exd4 {[%emt 0:00:41]} e6 {[%emt 0:01:17]} 8. Ne5 {[%emt 0:09:43]} Nxe5 {[%emt 0:02:35]} 9. dxe5 {[%emt 0:01:12]} Nd7 {[%emt 0:02:48]} 10. Bb5 {[%emt 0:05:45]} a6 {[%emt 0:00:16]} 11. Ba4 {[%emt 0:01:00]} b5 {[%emt 0:00:20]} 12. Bc2 {[%emt 0:00:33]} Bxc2 {[%emt 0:01:37]} 13. Qxc2 {[%emt 0:00:02]} g6 {[%emt 0:02:20]} 14. O-O {[%emt 0:05:06]} Bg7 {[%emt 0:00:08]} 15. Nf3 {[%emt 0:01:52]} O-O {[%emt 0:00:13]} 16. Rfe1 {[%emt 0:01:36]} Rc8 {[%emt 0:00:40]} 17. Qd2 {[%emt 0:00:18]} Nb6 {[%emt 0:00:55]} 18. b3 {[%emt 0:01:40]} Qc7 {[%emt 0:01:44]} 19. Rac1 {[%emt 0:00:25]} Nd7 {[%emt 0:01:36]} 20. Bh6 {[%emt 0:01:09]} Rfd8 {[%emt 0:11:39]} 21. Bxg7 {[%emt 0:03:11]} Kxg7 {[%emt 0:00:13]} 22. Qe3 {[%emt 0:11:14]} Qc5 {[%emt 0:04:06]} 23. Nd4 {[%emt 0:00:23]} Qe7 {[%emt 0:00:35]} 24. Qf4 {[%emt 0:01:59]} Nc5 {[%emt 0:00:46]} 25. Re3 {[%emt 0:00:10]} Rh8 {[%emt 0:01:07]} 26. Rh3 {[%emt 0:02:22]} h5 {[%emt 0:00:27]} 27. Rf3 {[%emt 0:10:54]} Rcf8 {[%emt 0:06:00]} 28. Nc6 {[%emt 0:08:54]} Qc7 {[%emt 0:02:21]} 29. Qf6+ {[%emt 0:00:06]} Kh7 {[%emt 0:00:33]} 30. Ne7 {[%emt 0:06:46]} Ne4 {[%emt 0:02:33]} 31. Qxf7+ {[%emt 0:00:35]} Rxf7 {[%emt 0:00:54]} 32. Rxf7+ {[%emt 0:00:02]} Kh6 33. Ng8+ {[%emt 0:01:43]} Rxg8 {[%emt 0:01:40]} 34. Rxc7 {[%emt 0:00:02]} Rf8 {[%emt 0:01:45]} 35. f3 {[%emt 0:00:30]} Ng5 {[%emt 0:00:25]} 36. h4 {[%emt 0:00:50]} Nf7 {[%emt 0:00:17]} 37. f4 {[%emt 0:00:23]} Nh8 {[%emt 0:01:10]} 38. g3 {[%emt 0:00:17]} Re8 {[%emt 0:00:38]} 39. Kf2 {[%emt 0:01:06]} Rf8 {[%emt 0:00:21]} 40. Ke3 {[%emt 0:00:05]} Nf7 {[%emt 0:00:05]} 41. Rc6 {[%emt 0:00:29]} Nd8 {[%emt 0:00:13]} 42. Rxa6 {[%emt 0:00:08]} Rf7 {[%emt 0:00:06]} 43. Rb6 {[%emt 0:00:54]} Ra7 {[%emt 0:00:13]} 44. Rc2 {[%emt 0:00:12]} Ra5 {[%emt 0:00:20]} 45. Kd4 {[%emt 0:00:20]} Kg7 {[%emt 0:00:24]} 46. Kc5 {[%emt 0:00:56]} Ra7 {[%emt 0:00:17]} 47. Rxb5 {[%emt 0:00:19]} Rc7+ {[%emt 0:00:11]} 48. Kd4 {[%emt 0:00:11]} Nc6+ {[%emt 0:00:12]} 49. Ke3 {[%emt 0:00:43]} Kf7 {[%emt 0:00:20]} 50. a4 {[%emt 0:01:31]} Ke7 {[%emt 0:00:10]} 51. a5 {[%emt 0:00:49]} Kd8 {[%emt 0:00:07]} 52. Rd2 {[%emt 0:04:09]} Na7 {[%emt 0:00:44]} 53. Rb8+ {[%emt 0:00:16]} Kd7 {[%emt 0:00:13]} 54. c4 {[%emt 0:00:04]} Ke7 {[%emt 0:00:42]} 55. cxd5 {[%emt 0:00:23]} exd5 {[%emt 0:00:09]} 56. Rxd5 {[%emt 0:00:20]} Rc3+ {[%emt 0:00:22]} 57. Rd3 {[%emt 0:00:19]} Rc7 {[%emt 0:00:18]} 58. a6 {[%emt 0:01:38]} Ke6 {[%emt 0:00:57]} 59. Rb7 {[%emt 0:01:15]} Rc2 {[%emt 0:00:10]} 60. Rxa7 {[%emt 0:00:19]} Kf5 {[%emt 0:00:07]} 61. Kf3 {[%emt 0:00:18]} g5 {[%emt 0:01:31]} 62. Rf7+ {[%emt 0:00:49]} Ke6 {[%emt 0:00:19]} 63. Rf6+ {[%emt 0:00:02]} Ke7 {[%emt 0:00:18]} 64. hxg5 {[%emt 0:00:04]} h4 {[%emt 0:00:14]} 65. gxh4 {[%emt 0:00:09]} Rc1 {[%emt 0:00:14]} 66. Kg4 {[%emt 0:00:09]} 1-0

[Event "DMP-III LIGA Senior PK 2020"]
[Site "Bystre"]
[Date "2020.07.09"]
[Round "3.17"]
[White "Dziura, Wiktor"]
[Black "Kielb, Miroslaw"]
[Result "1-0"]
[WhiteElo "1353"]
[BlackElo "1394"]
[Annotator "NA RC"]
[PlyCount "125"]
[EventDate "2020.07.05"]
[EventType "team-tourn"]
[EventCountry "POL"]
[SourceTitle "playchess.com"]
[Source "ChessBase"]
[SourceQuality "1"]
[TimeControl "5400+30"]

1. g3 {[%emt 0:00:00]} e5 {[%emt 0:00:00]} 2. Bg2 {[%emt 0:00:00]} d5 {[%emt 0:00:56]} 3. c4 {[%emt 0:00:00]} Nf6 {[%emt 0:02:16]} 4. cxd5 {[%emt 0:00:13]} Nxd5 {[%emt 0:00:20]} 5. Nc3 {[%emt 0:00:54]} Nxc3 {[%emt 0:03:29]} 6. bxc3 {[%emt 0:00:09]} c6 {[%emt 0:00:30]} 7. Nf3 {[%emt 0:02:05]} Bd6 {[%emt 0:04:31]} 8. O-O {[%emt 0:02:16]} O-O {[%emt 0:00:22]} 9. Qb3 {[%emt 0:01:32]} Qc7 {[%emt 0:03:10]} 10. Rb1 {[%emt 0:04:37]} Nd7 {[%emt 0:01:45]} 11. d4 {[%emt 0:04:05]} b5 {[%emt 0:04:22]} 12. c4 {[%emt 0:07:48]} bxc4 {[%emt 0:01:58]} 13. Qxc4 {[%emt 0:00:23]} Nb6 {[%emt 0:00:34]} 14. Qc2 {[%emt 0:01:29]} Bb7 {[%emt 0:03:14]} 15. dxe5 {[%emt 0:08:25]} Bxe5 {[%emt 0:00:22]} 16. Nxe5 {[%emt 0:00:40]} Qxe5 {[%emt 0:00:15]} 17. Bb2 {[%emt 0:01:48]} Qe6 {[%emt 0:03:55]} 18. Ba3 {[%emt 0:02:39]} Rfe8 {[%emt 0:00:57]} 19. e3 {[%emt 0:06:21]} Rab8 {[%emt 0:04:48]} 20. Bc5 {[%emt 0:07:41]} Ba8 {[%emt 0:06:46]} 21. a4 {[%emt 0:03:56]} Rb7 {[%emt 0:06:27]} 22. Bd4 {[%emt 0:06:24]} Rc8 {[%emt 0:06:15]} 23. Rfc1 {[%emt 0:04:24]} Nd5 {[%emt 0:02:23]} 24. Rxb7 {[%emt 0:02:43]} Bxb7 {[%emt 0:00:16]} 25. Bxa7 {[%emt 0:00:40]} Ra8 {[%emt 0:02:38]} 26. Bc5 {[%emt 0:00:40]} Qg4 {[%emt 0:03:47]} 27. Ra1 {[%emt 0:04:35]} Ba6 {[%emt 0:06:31]} 28. a5 {[%emt 0:02:18]} Qc4 {[%emt 0:01:42]} 29. Qxc4 {[%emt 0:01:44]} Bxc4 {[%emt 0:00:07]} 30. Bf1 {[%emt 0:00:10]} Bb5 {[%emt 0:01:26]} 31. Bxb5 {[%emt 0:01:59]} cxb5 {[%emt 0:00:09]} 32. a6 {[%emt 0:01:26]} Nc7 {[%emt 0:01:17]} 33. a7 {[%emt 0:00:32]} Ne6 {[%emt 0:00:49]} 34. Bd6 {[%emt 0:00:25]} Nd8 {[%emt 0:00:33]} 35. Bb8 {[%emt 0:00:21]} Kf8 {[%emt 0:01:33]} 36. Rb1 {[%emt 0:00:35]} Ke7 {[%emt 0:02:03]} 37. Rxb5 {[%emt 0:00:16]} Nc6 {[%emt 0:00:28]} 38. f4 {[%emt 0:01:03]} Kd7 {[%emt 0:00:38]} 39. Rb7+ {[%emt 0:00:25]} Ke6 {[%emt 0:00:37]} 40. Rb6 {[%emt 0:00:46]} Kd7 {[%emt 0:00:10]} 41. Rxc6 {[%emt 0:00:24]} Kxc6 {[%emt 0:00:10]} 42. Kf2 {[%emt 0:00:06]} Kb7 {[%emt 0:00:34]} 43. Kf3 {[%emt 0:00:39]} Rxb8 {[%emt 0:00:13]} 44. axb8=Q+ {[%emt 0:00:08]} Kxb8 {[%emt 0:00:03]} 45. Ke4 {[%emt 0:00:49]} Kc7 {[%emt 0:00:25]} 46. Ke5 {[%emt 0:00:38]} Kd7 {[%emt 0:00:28]} 47. g4 {[%emt 0:00:17]} Ke7 {[%emt 0:00:19]} 48. g5 {[%emt 0:01:16]} Kd7 {[%emt 0:07:45]} 49. h4 {[%emt 0:01:41]} Ke7 {[%emt 0:00:21]} 50. h5 {[%emt 0:00:29]} g6 {[%emt 0:02:02]} 51. h6 {[%emt 0:01:48]} Ke8 {[%emt 0:00:20]} 52. Kf6 {[%emt 0:00:22]} Kf8 {[%emt 0:00:11]} 53. e4 {[%emt 0:01:31]} Kg8 {[%emt 0:00:10]} 54. f5 {[%emt 0:02:57]} gxf5 {[%emt 0:03:52]} 55. Kxf5 {[%emt 0:01:58]} Kf8 {[%emt 0:01:51]} 56. Kf6 {[%emt 0:00:16]} Kg8 {[%emt 0:00:12]} 57. Ke7 {[%emt 0:01:10]} Kh8 {[%emt 0:00:10]} 58. g6 {[%emt 0:00:51]} fxg6 {[%emt 0:01:26]} 59. Kf7 {[%emt 0:00:14]} g5 {[%emt 0:00:26]} 60. e5 {[%emt 0:00:06]} g4 {[%emt 0:00:11]} 61. e6 {[%emt 0:00:07]} g3 {[%emt 0:00:16]} 62. e7 {[%emt 0:00:04]} g2 {[%emt 0:00:08]} 63. e8=Q# 1-0

[Event "DMP-III LIGA Senior PK 2020"]
[Site "Bystre"]
[Date "2020.07.09"]
[Round "3.18"]
[White "Wolak, Julia"]
[Black "Kruczek, Aleksandra"]
[Result "1-0"]
[WhiteElo "1516"]
[BlackElo "1038"]
[Annotator "NA RC"]
[PlyCount "91"]
[EventDate "2020.07.05"]
[EventType "team-tourn"]
[EventCountry "POL"]
[SourceTitle "playchess.com"]
[Source "ChessBase"]
[SourceQuality "1"]
[TimeControl "5400+30"]

1. e4 {[%emt 0:00:00]} e5 {[%emt 0:00:00]} 2. Nf3 {[%emt 0:00:00]} Nc6 {[%emt 0:00:00]} 3. Bb5 {[%emt 0:00:02]} Nf6 4. O-O Be7 {[%emt 0:02:10]} 5. c3 {[%emt 0:01:15]} a6 {[%emt 0:03:00]} 6. Ba4 {[%emt 0:00:27]} O-O {[%emt 0:01:46]} 7. Re1 {[%emt 0:00:38]} d5 {[%emt 0:03:51]} 8. exd5 {[%emt 0:00:18]} Qxd5 {[%emt 0:01:02]} 9. Bxc6 {[%emt 0:02:26]} bxc6 {[%emt 0:04:02]} 10. Rxe5 {[%emt 0:02:50]} Qd6 {[%emt 0:03:57]} 11. h3 {[%emt 0:00:47]} Nd5 {[%emt 0:05:58]} 12. d4 {[%emt 0:01:37]} Qg6 {[%emt 0:05:52]} 13. Kh1 {[%emt 0:00:59]} Bd6 {[%emt 0:02:45]} 14. Re1 {[%emt 0:02:00]} Nf4 {[%emt 0:05:59]} 15. Bxf4 {[%emt 0:07:12]} Bxf4 {[%emt 0:00:33]} 16. Ne5 {[%emt 0:02:26]} Qh6 {[%emt 0:02:29]} 17. Ng4 Qh4 {[%emt 0:07:28]} 18. Qf3 {[%emt 0:07:49]} h5 {[%emt 0:05:44]} 19. Qxf4 {[%emt 0:01:20]} hxg4 {[%emt 0:04:22]} 20. Re3 {[%emt 0:07:53]} Bb7 {[%emt 0:05:35]} 21. Kg1 {[%emt 0:09:15]} Rae8 {[%emt 0:05:52]} 22. Nd2 {[%emt 0:03:33]} Rxe3 {[%emt 0:06:35]} 23. fxe3 {[%emt 0:00:54]} Re8 {[%emt 0:05:51]} 24. e4 {[%emt 0:03:46]} Re6 {[%emt 0:02:59]} 25. Rf1 {[%emt 0:01:58]} Rf6 {[%emt 0:02:23]} 26. Qxg4 {[%emt 0:02:00]} Qh6 {[%emt 0:02:35]} 27. Rxf6 {[%emt 0:00:35]} Qxf6 {[%emt 0:00:16]} 28. Nf3 {[%emt 0:00:54]} Qh6 {[%emt 0:01:15]} 29. Qg5 {[%emt 0:00:14]} Qe6 {[%emt 0:01:25]} 30. Qd8+ {[%emt 0:00:08]} Kh7 {[%emt 0:00:33]} 31. Ng5+ {[%emt 0:00:05]} Kh6 {[%emt 0:00:25]} 32. Nxe6 {[%emt 0:00:05]} fxe6 {[%emt 0:00:19]} 33. Qxc7 {[%emt 0:00:08]} c5 {[%emt 0:00:45]} 34. Qxb7 {[%emt 0:00:06]} c4 {[%emt 0:00:17]} 35. d5 {[%emt 0:00:13]} exd5 {[%emt 0:00:16]} 36. exd5 {[%emt 0:00:05]} g5 {[%emt 0:00:15]} 37. Qxa6+ {[%emt 0:00:32]} Kh5 {[%emt 0:01:07]} 38. d6 {[%emt 0:00:30]} g4 {[%emt 0:00:28]} 39. hxg4+ {[%emt 0:00:12]} Kxg4 {[%emt 0:00:07]} 40. Qxc4+ {[%emt 0:00:09]} Kf5 {[%emt 0:00:13]} 41. d7 {[%emt 0:00:07]} Kg6 {[%emt 0:00:34]} 42. d8=Q {[%emt 0:00:16]} Kf5 {[%emt 0:00:20]} 43. Qdd5+ {[%emt 0:00:08]} Kg6 {[%emt 0:00:56]} 44. Qcc6+ {[%emt 0:00:06]} Kg7 {[%emt 0:00:15]} 45. Qdd7+ {[%emt 0:00:05]} Kf8 {[%emt 0:00:44]} 46. Qcc8# 1-0

[Event "DMP-III LIGA Senior PK 2020"]
[Site "Bystre"]
[Date "2020.07.09"]
[Round "3.19"]
[White "Zgoda, Damian"]
[Black "Lach, Dariusz"]
[Result "1-0"]
[WhiteElo "1672"]
[BlackElo "1748"]
[Annotator "NA RC"]
[PlyCount "91"]
[EventDate "2020.07.05"]
[EventType "team-tourn"]
[EventCountry "POL"]
[SourceTitle "playchess.com"]
[Source "ChessBase"]
[SourceQuality "1"]
[TimeControl "5400+30"]

1. d4 {[%emt 0:00:00]} Nf6 {[%emt 0:00:35]} 2. Bg5 {[%emt 0:00:00]} e6 {[%emt 0:01:06]} 3. Nf3 {[%emt 0:00:13]} Be7 {[%emt 0:00:09]} 4. e3 {[%emt 0:00:16]} O-O {[%emt 0:00:23]} 5. Nbd2 {[%emt 0:00:29]} d5 {[%emt 0:01:31]} 6. Bd3 {[%emt 0:00:15]} Nbd7 {[%emt 0:00:38]} 7. c3 {[%emt 0:00:25]} h6 {[%emt 0:00:14]} 8. Bh4 {[%emt 0:00:58]} b6 {[%emt 0:01:08]} 9. O-O {[%emt 0:01:36]} a5 {[%emt 0:00:23]} 10. Ne5 {[%emt 0:02:46]} Nxe5 {[%emt 0:02:33]} 11. dxe5 {[%emt 0:00:50]} Nd7 {[%emt 0:00:19]} 12. Bxe7 {[%emt 0:01:50]} Qxe7 {[%emt 0:00:08]} 13. f4 {[%emt 0:01:44]} f6 {[%emt 0:03:50]} 14. Qh5 {[%emt 0:07:55]} f5 {[%emt 0:01:22]} 15. g4 {[%emt 0:08:45]} Ba6 {[%emt 0:00:34]} 16. Bxa6 {[%emt 0:02:37]} Rxa6 {[%emt 0:00:02]} 17. Nf3 {[%emt 0:01:33]} Qf7 {[%emt 0:02:24]} 18. Qxf7+ {[%emt 0:03:06]} Rxf7 {[%emt 0:00:16]} 19. gxf5 {[%emt 0:00:15]} Rxf5 {[%emt 0:00:55]} 20. Nd4 {[%emt 0:00:29]} Rf7 {[%emt 0:02:01]} 21. Nxe6 {[%emt 0:00:51]} Nf8 {[%emt 0:00:30]} 22. Nd8 {[%emt 0:02:05]} Rd7 {[%emt 0:01:58]} 23. Nc6 {[%emt 0:00:28]} Ra8 {[%emt 0:00:12]} 24. Rad1 {[%emt 0:01:18]} g6 {[%emt 0:01:46]} 25. Rxd5 {[%emt 0:00:24]} Rxd5 {[%emt 0:00:44]} 26. Ne7+ {[%emt 0:00:09]} Kg7 {[%emt 0:01:26]} 27. Nxd5 {[%emt 0:00:10]} Rd8 {[%emt 0:01:00]} 28. Nxc7 {[%emt 0:07:12]} Rd7 {[%emt 0:00:39]} 29. Ne8+ {[%emt 0:00:17]} Kf7 {[%emt 0:00:20]} 30. Nd6+ {[%emt 0:00:16]} Ke7 {[%emt 0:00:18]} 31. Rd1 {[%emt 0:01:23]} Rc7 {[%emt 0:00:31]} 32. Kf2 {[%emt 0:00:55]} Ne6 {[%emt 0:00:22]} 33. Nb5 {[%emt 0:01:24]} Rd7 {[%emt 0:00:35]} 34. Rxd7+ {[%emt 0:00:14]} Kxd7 {[%emt 0:00:08]} 35. Kf3 {[%emt 0:02:36]} Nc5 {[%emt 0:02:41]} 36. e4 {[%emt 0:05:41]} a4 {[%emt 0:00:57]} 37. Ke3 {[%emt 0:00:33]} Ne6 {[%emt 0:01:37]} 38. f5 {[%emt 0:00:58]} Nf8 {[%emt 0:00:35]} 39. Kd4 {[%emt 0:02:58]} g5 {[%emt 0:01:05]} 40. e6+ {[%emt 0:00:21]} Nxe6+ {[%emt 0:01:27]} 41. fxe6+ {[%emt 0:00:13]} Kxe6 {[%emt 0:00:04]} 42. Nc7+ {[%emt 0:00:11]} Kd7 {[%emt 0:00:19]} 43. Nd5 {[%emt 0:00:05]} b5 {[%emt 0:00:15]} 44. e5 {[%emt 0:00:16]} Kc6 {[%emt 0:00:18]} 45. Nf6 {[%emt 0:00:15]} Kc7 {[%emt 0:00:19]} 46. Kd5 {[%emt 0:00:07]} 1-0

[Event "DMP-III LIGA Senior PK 2020"]
[Site "Bystre"]
[Date "2020.07.09"]
[Round "3.20"]
[White "Lach, Ireneusz"]
[Black "Smusz, Kamil"]
[Result "1/2-1/2"]
[WhiteElo "1897"]
[BlackElo "1922"]
[Annotator "TA"]
[PlyCount "38"]
[EventDate "2020.07.05"]
[EventType "team-tourn"]
[EventCountry "POL"]
[SourceTitle "playchess.com"]
[Source "ChessBase"]
[SourceQuality "1"]

{[%evp 9,38,9,59,56,61,34,39,47,64,53,58,29,33,31,59,46,57,47,49,33,37,34,38,41,42,26,46,16,18,13,47]} 1. e4 d6 2. d4 Nf6 3. Nc3 e5 4. Nge2 Be7 5. g3 Bg4 6. Bg2 {B07: Pirc Defence: Miscellaneous Systems.} Nc6 7. f3 (7. h3 $5 {[%cal Rh3g4]} Bxe2 8. Nxe2 $14) 7... exd4 8. Nxd4 {White is slightly better.} Bd7 9. Be3 O-O 10. O-O Nxd4 11. Bxd4 {[#]} Bc6 $146 ({Predecessor:} 11... c6 12. Kh1 Qc7 13. Qd2 Rad8 14. Rae1 Be6 15. Qc1 Rfe8 16. f4 Bc4 17. Rf3 c5 18. Bxf6 Bxf6 {½-½ (38) Oliveira,M (1984)-Smirnova,E (2107) Budva 2013}) 12. Ne2 Nd7 13. Bf2 b6 14. Nd4 Bb7 15. Re1 Bf6 16. c3 g6 17. f4 Bg7 18. Rc1 Re8 19. Qc2 Qe7 {Accuracy: White = 85%, Black = 84%.} 1/2-1/2

[Event "DMP-III LIGA Senior PK 2020"]
[Site "Bystre"]
[Date "2020.07.09"]
[Round "3.21"]
[White "Kasperek, Rafal"]
[Black "Janzer, Hubert"]
[Result "0-1"]
[WhiteElo "1982"]
[BlackElo "1893"]
[Annotator "TA"]
[PlyCount "106"]
[EventDate "2020.07.05"]
[EventType "team-tourn"]
[EventCountry "POL"]
[SourceTitle "playchess.com"]
[Source "ChessBase"]
[SourceQuality "1"]

{[%evp 20,106,5,2,22,24,37,4,38,0,0,0,0,0,0,-41,-31,-122,-116,-121,-120,-386,-292,-276,-291,-429,-429,-438,-183,-150,-150,-170,-172,-147,-90,-331,-337,-221,-92,-103,0,0,0,-152,-155,-153,-175,-304,-298,-1182,-1174,-1105,-315,-725,-642,-633,-432,-608,-606,-599,-594,-487,-281,-281,-281,-920,-893,-765,-764,-5085,-1023,-784,-756,-4952,-4134,-3033,-1144,-29961,-2731,-1685,-1321,-1442,-681,-29978,-29980,-29980,-29978,-29979,-29974]} 1. c4 Nf6 2. Nc3 c5 3. g3 g6 4. Bg2 Bg7 5. e4 Nc6 6. Nge2 d6 7. O-O O-O 8. d3 Bd7 9. h3 a6 10. Be3 Rb8 11. a4 e5 {A36: Symmetrical English vs ...g6: 4 Bg2 Bg7.} 12. f4 h6 {[#]} 13. fxe5 $146 ({Predecessor:} 13. f5 Nd4 14. g4 g5 15. Nd5 Nxd5 16. exd5 Nxe2+ 17. Qxe2 f6 18. b4 b6 19. a5 {1-0 (29) Semedo,A-Bravo,A (1835) Lisbon 2015}) 13... Nxe5 {The position is equal.} 14. Qd2 Kh7 15. a5 b5 16. axb6 $1 Rxb6 17. b4 cxb4 18. Nd5 (18. Nd1 $1 $15) 18... Nxd5 $17 19. exd5 Bf5 20. Nc1 $2 {[%mdl 8192]} (20. Rxf5 $17 gxf5 21. Nd4) 20... Nxc4 21. dxc4 {Nb3 is the strong threat.} Bxa1 22. Rxf5 (22. g4 $142 Bd7 23. Na2) 22... gxf5 $19 23. Qf2 Qf6 (23... Rb8 $142 24. Qxf5+ Kg7 25. Qg4+ Kh8) 24. Bxb6 Rb8 {Strongly threatening ...Rxb6!} 25. Nb3 Be5 26. g4 fxg4 (26... Qg6 $142 $1 27. Bd4 Bxd4 28. Qxd4 Kg8 29. gxf5 Qxf5) 27. Be4+ $2 (27. Qxf6 $17 Bxf6 28. Bc7) 27... Kg7 {Threatens to win with ...Rxb6!} 28. hxg4 {[#]} Qg5 (28... Rxb6 $1 $19 {[%mdl 512] is more deadly.} 29. Qxb6 Qf4 {[%mdl 64] Double Attack}) 29. Bf5 $17 Re8 ({Black should try} 29... Rxb6 $1 $17 30. Qxb6 {[%mdl 64] Double Attack} a5 31. Nxa5 Qd2) 30. Bd7 $11 Rg8 31. Nd4 $2 {White is on the road to losing.} (31. Be3 $11 Qf6 32. Bf5) 31... Qc1+ 32. Kg2 Qxc4 33. Nf5+ (33. Qe3 $142) 33... Kf8 $19 34. Be3 $2 (34. Ne3 Qe4+ 35. Qf3 Qxf3+ 36. Kxf3) 34... Qxg4+ 35. Kf1 Qh3+ $2 (35... Qd1+ 36. Qe1 Qf3+ 37. Qf2 Qh1+ 38. Ke2 Rg2 39. Bxh6+ Kg8) 36. Ke1 $2 (36. Ke2 Qh5+ 37. Kd3 Qd1+ 38. Kc4 Rg4+ 39. Nd4) 36... Bc3+ 37. Ke2 Qh5+ 38. Kd3 (38. Qf3 $142 Rg2+ 39. Bf2 Qxf3+ 40. Kxf3) 38... Qd1+ 39. Kc4 {[#]} Rg4+ $1 40. Nd4 {[#]} Bxd4 (40... Re4 41. Bxh6+ Ke7 42. Bg5+ Kf8 43. Bh6+ Ke7 44. Bg5+ Kf8 45. Bh6+ $11) (40... Rxd4+ $142 $1 41. Bxd4 Bxd4 42. Qxd4 Qxd4+ 43. Kxd4 h5) 41. Bxg4 Bxe3 ({Weaker is} 41... Qxg4 42. Bxd4 Qd1 43. Kxb4 $14 (43. Qf6 Ke8 $14)) 42. Qxe3 $2 (42. Bxd1 Bxf2 43. Kxb4) 42... Qxg4+ {[%mdl 4096] Endgame KQ-KQ} 43. Kb3 h5 44. Qb6 Qf3+ 45. Kxb4 Qxd5 {( -> ...Qb5+!)} 46. Qxa6 Qc5+ 47. Kb3 Kg7 48. Qd3 Qe5 (48... h4 $142 49. Qe4 Qf2 50. Qg4+ Kh6 51. Ka4 f5 52. Qg8 Qf4+ 53. Kb5 Qe5+ 54. Kc6 h3 55. Qf8+ Kg5 56. Qg8+ Kf4 57. Qh7 Kg3 58. Qg8+ Kf2 59. Qa2+ Qe2 60. Qa7+ Qe3 61. Qa2+ Qe2 62. Qa7+ Qe3 63. Qa2+ Qe2) 49. Qf3 Qe6+ 50. Kc2 Qg4 51. Qd5 h4 {Black mates.} 52. Kd2 Qf4+ 53. Kc2 h3 {Accuracy: White = 34%, Black = 54%.} 0-1